00710pam a2200205 a 4500020001700000040000800017082001700025100001900042245004800061250002100109260012600130300003300256520009700289650001700386650001200403650002100415650002200436650001500458700003100473 a0027442802 : cDLC00a635 BRA 19931 aHolmes, Anita,10aFlowers for you :bblooms for every month / a1st American ed. aNew York :bBradbury Press ;aToronto :bMaxwell Macmillan Canada ;aNew York :bMaxwell Macmillan International,cc1993. a48 p. :bcol. ill. ;c29 cm. aDescribes a variety of flowering plants and what it takes to grow them successfully indoors. 0aHouse plants 0aFlowers 0aIndoor gardening 1aIndoor gardening. 1aGardening.2 aWright-Frierson, Virginia,